Health : a monthly journal dealing with developments in the field of public health in Australia /

Enregistré dans:
Détails bibliographiques
Collectivité auteur: Australia. Dept. of Health
Format: Revue
Langue:English
Publié: Melbourne [Vic.] : The Dept., 1923-1981.
Sujets:
LEADER 06637cas a2201033 a 4500
001 c000279699
003 CARM
005 20080527145410.0
008 830225d19231981vraqr p f0 a0eng d
010 |a sn 86011003 
019 1 |a 2550924  |z 7187709  |z 7250843  |z 7294881  |5 LACONCORD2021 
022 |a 0046-7006 
035 |a (OCoLC)9566936  |5 LACONCORD2021 
040 |a LC  |b eng  |c LC  |d VSL  |d ANL  |d SSL  |d SUA 
042 |a nsdp  |a anuc 
043 |a u-at--- 
060 0 0 |a W1 HE165 
070 0 |a 449.8 Au7 
072 0 |a X300 
082 0 4 |a 613/.0994  |2 20 
130 0 |a Health (Australia. Dept. of Health) 
210 0 |a Health  |b (Canb.) 
222 0 |a Health  |b (Canberra) 
245 0 0 |a Health :  |b a monthly journal dealing with developments in the field of public health in Australia /  |c issued by the Commonwealth Department of Health. 
246 3 3 |a Health :  |b journal of the Commonwealth Department of Health 
246 3 3 |a Health :  |b journal of the Department of Health 
246 1 4 |a Health :  |b the journal of the Commonwealth Department of Health 
246 3 3 |a Health :  |b a monthly journal of the Commonwealth Department of Health dealing with developments in the field of public health in Australia 
260 |a Melbourne [Vic.] :  |b The Dept.,  |c 1923-1981. 
300 |a 50 v. :  |b ill. ;  |c 23-25 cm. 
310 |a Quarterly,  |b 1951-1981 
321 |a Monthly,  |b 1923-1940 
321 |a Semiannual,  |b Jan.-June 1941 
362 0 |a Vol. 1, no. 1 (Jan. 1923)-v. 19, no. 1 (Jan./June 1941) ; New ser. v. 1, no. 1 (Mar. 1951)-v. 31, no. 2 (1981) 
500 |a Subtitle varies. 
500 |a From v. 6 (1928) published in Canberra, A.C.T. 
500 |a Caption title. 
510 2 |a Energy research abstracts,  |x 0160-3604,  |b 1981 
515 |a Publication suspended with v. 19, no. 1 (Jan./June 1941). The regular monthly issue has been discontinued as a war measure, but occasional issues may be published in the future to record items of general interest. New series began with v. 1, no. 1 ( Mar. 1951) 
580 |a Supplement: "Cancer supplement"; also called "Health cancer supplement" 
650 0 |a Health  |v Periodicals. 
650 0 |a Public health  |z Australia  |v Periodicals. 
710 1 |a Australia.  |b Dept. of Health 
770 0 |t Cancer supplement 
852 8 |b CARM  |h A1:AL09E0  |i F03299  |p 0459862  |f SE 
852 8 |b CARM  |h A1:AL31E0  |i C10641  |p 0459875  |f SE 
852 8 |b CARM  |h A1:AQ21F0  |i C10711  |p 0498643  |f SE 
852 8 |b CARM  |h A1:AQ21F0  |i C10711  |p 0498644  |f SE 
852 8 |b CARM  |h A1:AQ06B0  |i B10528  |p 0498694  |f SE 
852 8 |b CARM  |h A1:AL11F0  |i C10714  |p 0498757  |f SE 
852 8 |b CARM  |h A1:AL09F0  |i C10721  |p 0397888  |f SE 
852 8 |b CARM  |h A1:AQ16B0  |i B10545  |p 0464977  |f SE 
852 8 |b CARM  |h A1:AQ16B0  |i B10545  |p 0464978  |f SE 
852 8 |b CARM  |h A1:AQ16B0  |i B10545  |p 0464979  |f SE 
852 8 |b CARM  |h A1:AQ16B0  |i B10545  |p 0464980  |f SE 
852 8 |b CARM  |h A1:AQ16B0  |i B10545  |p 0464981  |f SE 
852 8 |b CARM  |h A1:AQ16B0  |i B10545  |p 0464982  |f SE 
852 8 |b CARM  |h A1:AQ16B0  |i B10545  |p 0464983  |f SE 
852 8 |b CARM  |h A1:AQ16B0  |i B10545  |p 0464984  |f SE 
852 8 |b CARM  |h A1:AQ16B0  |i B10545  |p 0464985  |f SE 
852 8 |b CARM  |h A1:AR17F0  |i C10804  |p 0464986  |f SE 
852 8 |b CARM  |h A1:AR17F0  |i C10804  |p 0464987  |f SE 
852 8 |b CARM  |h A1:AR17F0  |i C10804  |p 0464988  |f SE 
852 8 |b CARM  |h A1:AQ16B0  |i B10545  |p 0464989  |f SE 
852 8 |b CARM  |h A1:AR17F0  |i C10804  |p 0464990  |f SE 
866 0 |a 1:1(1923:01)-n.s. 30:3/4(1980) Inc. 
866 0 |a 1:1(1923:01)-n.s. 30:3/4(1980) Inc. 
999 f f |i 5fd10448-34a7-5aff-9cbd-ca21961acab7  |s 4bdf19b7-98f6-52e3-98fd-bc1ebcb5eb15 
952 f f |p Can circulate  |a CAVAL  |b CAVAL  |c CAVAL  |d CARM 1 Store  |e B10545  |f A1:AQ16B0  |h Other scheme  |i book  |k 1:1(1923:01)-1:9(1923:11)  |m 0464977 
952 f f |p Can circulate  |a CAVAL  |b CAVAL  |c CAVAL  |d CARM 1 Store  |e C10711  |f A1:AQ21F0  |h Other scheme  |i book  |k 17(1939)  |m 0498644 
952 f f |p Can circulate  |a CAVAL  |b CAVAL  |c CAVAL  |d CARM 1 Store  |e C10641  |f A1:AL31E0  |h Other scheme  |i book  |k 15(1937)-16(1938)  |m 0459875 
952 f f |p Can circulate  |a CAVAL  |b CAVAL  |c CAVAL  |d CARM 1 Store  |e C10721  |f A1:AL09F0  |h Other scheme  |i book  |k n.s. 18:1(1968:03)-23:2/3(1973),24:1/2(1974)-25:4(1975)  |m 0397888 
952 f f |p Can circulate  |a CAVAL  |b CAVAL  |c CAVAL  |d CARM 1 Store  |e B10545  |f A1:AQ16B0  |h Other scheme  |i book  |k 10:1(1932:01)-10:12(1932:12)  |m 0464985 
952 f f |p Can circulate  |a CAVAL  |b CAVAL  |c CAVAL  |d CARM 1 Store  |e C10804  |f A1:AR17F0  |h Other scheme  |i book  |k n.s. 20:1(1970)-22:4(1972)  |m 0464990 
952 f f |p Can circulate  |a CAVAL  |b CAVAL  |c CAVAL  |d CARM 1 Store  |e B10545  |f A1:AQ16B0  |h Other scheme  |i book  |k 8:1(1930:01)-8:12(1930:12)+Health cancer supps. 1(1930:01)-10(1930:10)  |m 0464983 
952 f f |p Can circulate  |a CAVAL  |b CAVAL  |c CAVAL  |d CARM 1 Store  |e B10545  |f A1:AQ16B0  |h Other scheme  |i book  |k 7:1(1929:01)-7:12(1929:12)+Health cancer supps. [1](1929:06)-7(1929:12)  |m 0464982 
952 f f |p Can circulate  |a CAVAL  |b CAVAL  |c CAVAL  |d CARM 1 Store  |e C10711  |f A1:AQ21F0  |h Other scheme  |i book  |k 13(1935)-14(1936)  |m 0498643 
952 f f |p Can circulate  |a CAVAL  |b CAVAL  |c CAVAL  |d CARM 1 Store  |e C10804  |f A1:AR17F0  |h Other scheme  |i book  |k 11:1(1933:01)-11:12(1933:12)  |m 0464986 
952 f f |p Can circulate  |a CAVAL  |b CAVAL  |c CAVAL  |d CARM 1 Store  |e B10528  |f A1:AQ06B0  |h Other scheme  |i book  |k n.s. 5:1(1955:03)-7:3((1957:09); 8:1(1958:03)-12:4(1962:12)  |m 0498694 
952 f f |p Can circulate  |a CAVAL  |b CAVAL  |c CAVAL  |d CARM 1 Store  |e B10545  |f A1:AQ16B0  |h Other scheme  |i book  |k 6:1(1928:01)-6:8(1928:12)  |m 0464981 
952 f f |p Can circulate  |a CAVAL  |b CAVAL  |c CAVAL  |d CARM 1 Store  |e B10545  |f A1:AQ16B0  |h Other scheme  |i book  |k 4:1(1926:01)-4:6(1926:11)  |m 0464979 
952 f f |p Can circulate  |a CAVAL  |b CAVAL  |c CAVAL  |d CARM 1 Store  |e C10804  |f A1:AR17F0  |h Other scheme  |i book  |k n.s. 25:1(1975:03)-30:3/4(1980)  |m 0464988 
952 f f |p Can circulate  |a CAVAL  |b CAVAL  |c CAVAL  |d CARM 1 Store  |e B10545  |f A1:AQ16B0  |h Other scheme  |i book  |k 5:1(1927:01)-5:6(1927:11)  |m 0464980 
952 f f |p Can circulate  |a CAVAL  |b CAVAL  |c CAVAL  |d CARM 1 Store  |e C10804  |f A1:AR17F0  |h Other scheme  |i book  |k 12:1(1934:01)-12:12(1934:12)  |m 0464987 
952 f f |p Can circulate  |a CAVAL  |b CAVAL  |c CAVAL  |d CARM 1 Store  |e B10545  |f A1:AQ16B0  |h Other scheme  |i book  |k 9:1(1931:01)-9:12(1931:12)  |m 0464984 
952 f f |p Can circulate  |a CAVAL  |b CAVAL  |c CAVAL  |d CARM 1 Store  |e B10545  |f A1:AQ16B0  |h Other scheme  |i book  |k 3:1(1925:01)-3:6(1925:11)  |m 0464978 
952 f f |p Can circulate  |a CAVAL  |b CAVAL  |c CAVAL  |d CARM 1 Store  |e C10714  |f A1:AL11F0  |h Other scheme  |i book  |k n.s. 13:1(1963:03)-16:2((1966:06); 16:4(1966:12)  |m 0498757 
952 f f |p Can circulate  |a CAVAL  |b CAVAL  |c CAVAL  |d CARM 1 Store  |e F03299  |f A1:AL09E0  |h Other scheme  |i book  |k 18(1940)  |m 0459862 
952 f f |p Can circulate  |a CAVAL  |b CAVAL  |c CAVAL  |d CARM 1 Store  |e B10545  |f A1:AQ16B0  |h Other scheme  |i book  |k n.s. 1:1(1951:03)-2:4(1952:12)  |m 0464989